Statistics for Korn Song A.D.I.D.A.S. Acronym

Click here to take the quiz!

General Stats

  • This quiz has been taken 225 times
  • The average score is 6 of 6

Answer Stats

HintAnswer% Correct
II
99%
AAll
98%
AAbout
97%
DDay
97%
DDream
97%
SSex
96%

Score Distribution

Percentile by Number Answered

Percent of People with Each Score

Your Score History

You have not taken this quiz